000 00309nam a22001337a 4500
008 171005b xxu||||| |||| 00| 0 eng d
020 _a0029195101
041 _aeng
080 _a159.9
100 _a49
101 _aPSI
245 _aPRINCIPLES OF CLINICAL PSYCHIATRY
_cLUDWIG.A.M
942 _2udc
_cBK
999 _c32041
_d32041